Blox Fruits - Statistics

General Stats
  • This quiz has been taken 382 times
  • The average score is 28 of 39
Answer Stats
Hint Answer % Correct
Common Rocket
97%
Common Spin
88%
Rare Light
87%
Uncommon Ice
86%
Mythical Kitsune
85%
Mythical Dragon
84%
Legendary Buddha
83%
Rare Magma
83%
Uncommon Flame
81%
Common Chop
80%
Mythical Leopard
80%
Uncommon Dark
77%
Common Spike
77%
Common Spring
76%
Mythical T-Rex
75%
Common Smoke
74%
Legendary Love
73%
Legendary Portal
73%
Common Bomb
72%
Mythical Mammoth
72%
Mythical Control
71%
Mythical Gravity
71%
Legendary Quake
71%
Mythical Dough
69%
Uncommon Falcon
69%
Legendary Spider
69%
Mythical Venom
68%
Rare Barrier
66%
Rare Ghost
66%
Mythical Shadow
66%
Legendary Blizzard
65%
Legendary Phoenix
65%
Rare Rubber
65%
Uncommon Sand
65%
Legendary Rumble
64%
Mythical Spirit
62%
Legendary Pain
60%
Legendary Sound
55%
Uncommon Diamond
54%
No matching quizzes found
Score Distribution
Percent of People with Each Score
Percentile by Number Answered
Your Score History
You have not taken this quiz